Statistics for Supernatural Quiz (Spoilers)

Click here to take the quiz!

General Stats

  • This quiz has been taken 76 times
  • The average score is 12 of 15

Answer Stats

HintAnswer% Correct
Name of the Angel who raised Dean from perditionCastiel
98%
Demon who sacrificed himself for the Winchester's in season 12Crowley
96%
Female demon who gives Sam her bloodRuby
94%
Who is God?Chuck
93%
Another name for the Trickster or LokiGabriel
91%
Nephilim in season 12 and 13Jack
91%
What is the nickname Dean gave to their angel friendCass
89%
Who is the father of the Nephilim?Lucifer
89%
Actor who portrays DeanJensen Ackles
87%
Actor who portrays SamJared Padalecki
83%
Name one of the characters that died in the season 12 finaleCastiel
81%
Female demon who wants to kill Crowley and shares the 'Pizza Man' with question 1Meg
80%
Sam and Dean's mother's maiden nameCampbell
59%
^ MotherKelly Kline
46%
Angel who's vessel worked in 'Wiener Hut'Samandriel
44%

Score Distribution

Percentile by Number Answered

Percent of People with Each Score

Your Score History

You have not taken this quiz